000 00708nam a22002177a 4500
005 20250917083534.0
008 250917b |||||||| |||| 00| 0 eng d
020 _a9789914378665
040 _aLC
_cLC
_dUoK
050 _aPL 8702
_b. O28 2025
100 _aObuchi, Samuel M.
_91463
245 _aUpeo wa Sintaksia ya Kiswahili/
_cSamuel M. Obuchi
260 _aNairobi
_bReal text Publishers
_c2025
300 _axii, 380p.:
_bill.;
500 _aIncludes Bibliographic References
650 _aSwahili language--Syntax
_91464
650 _aSwahili language--Discourse analysis
_91465
650 _aSwahili language--Grammar, Generative
_91466
700 _aMwita, Leonard Chacha
_91467
942 _2lcc
_cBK
999 _c11327
_d11327